Normal view
MARC view
- Postcards
Entry Topical Term
001 - CONTROL NUMBER
- control field: 118530
003 - CONTROL NUMBER IDENTIFIER
- control field: NUST
005 - DATE AND TIME OF LATEST TRANSACTION
- control field: 20231022152613.0
008 - FIXED-LENGTH DATA ELEMENTS
- fixed length control field: 231022|| aca||aabn | a|a d
040 ## - CATALOGING SOURCE
- Original cataloging agency: NUST
- Transcribing agency: NUST
150 ## - HEADING--TOPICAL TERM
- Topical term or geographic name entry element: Postcards
670 ## - SOURCE DATA FOUND
- Source citation: Work cat.: (NUST): World Heritage Site of China 118529, Postcards collection of the Terra-cotta Army/
